000 00499nam a2200193Ia 4500
001 15125
003 GE_BSU
008 181216s||||||||xx |||||||||||||| ||und||
040 _cGE_BSU
080 _a519.6(075.8)
100 _aВергасов,В.А.
245 _aВычислительная математика
260 _aМосква
260 _bНедра
260 _c1976
300 _a229стр.22см.
653 _aВычислительная математика
942 _cBK
999 _c48241
_d48241